=LDR 00000nam 2200000 4500 =001 INLIS000000000040547 =005 20130612150118 =008 ***********************************Ind** =035 ##$$0010-061300000040547 =041 ##$$a Ind =082 ##$$a 646.32 =090 ##$$a 646.32 , Pur p =100 ##$$a PURADISASTRA, Ratih =245 ##$$a Padu padan busana pria , Ratih Pradisastra =260 ##$$a 2003 $b Jakarta =300 ##$$a 127 hlm. , ilus , 21 cm =650 ##$$a PAKAIAN PRIA =850 ##$$a NBPNMAT